Score 0/50 Timer 06:00
6 Plays Today
% Correct
Theodore Roosevelt
97.3%
Thomas Jefferson
96.3%
Ronald Reagan
94.8%
Calvin Coolidge
92.2%
William McKinley
91%
Winston Churchill
88.1%
Margaret Thatcher
86.9%
Robert E. Lee
85.7%
Adolf Hitler
84.8%
David Cameron
84.6%
Martin Luther
82.7%
Voltaire
79.9%
Ferdinand Magellan
79.6%
Juan Perón
79.2%
François Hollande
79.1%
Otto von Bismarck
78.9%
Simón Bolívar
78.7%
Helmut Schmidt
76.8%
Gerhard Schröder
75.6%
Hernán Cortés
74%
John Calvin
72.2%
Augusto Pinochet
72%
Immanuel Kant
71.7%
George B. McClellan
70.9%
Juan Ponce de León
70.8%
% Correct
Nicolas Sarkozy
70.4%
Ban Ki-moon
66.6%
Henry Hudson
65.8%
Ambrose Burnside
65.6%
Boutros Boutros-Ghali
65.2%
Jean-Jacques Rousseau
64.4%
René Coty
63.6%
Nathan Bedford Forrest
62.5%
Valéry Giscard d'Estaing
62%
Anthony Eden
57%
Dag Hammarskjöld
56.7%
Braxton Bragg
56.5%
Félix Faure
55.9%
Adam Smith
54.6%
Samuel de Champlain
50.6%
U Thant
49%
Arthur Balfour
48.2%
David Hume
47.2%
Alberto Fujimori
45.4%
Thomas Cranmer
42.8%
Franz von Papen
42.5%
Kurt Waldheim
41.5%
Dilma Rousseff
38.1%
Ulrich Zwingli
29.2%
Heinrich Bullinger
21%
Remove Ads.
Support Sporcle.
Get the best of Sporcle when you Go Orange. This ad-free experience offers more features, more stats, and more fun while also helping to support Sporcle. Thank you for becoming a member.

You're not logged in!

Compare scores with friends on all Sporcle quizzes.
OR
Log In

Show Comments

Extras

Top Quizzes Today


Score Distribution

Your Account Isn't Verified!

In order to create a playlist on Sporcle, you need to verify the email address you used during registration. Go to your Sporcle Settings to finish the process.

Report this User

Report this user for behavior that violates our Community Guidelines.

Details: